00878nam a22002177a 450000500170000000800410001702000180005804000480007604100080012424500900013226000830022230000530030549000540035850400410041265000360045365000290048965000280051865000390054670000340058570000410061920221207091617.0221207s2021 pe a|||gr|||| 00| 0 spa d a9786124358104 aCO-BoUCMbspacDeissy GarciadDeissy Garcia0 aspa04aLos metales en nuestra historiaceditores Roberto Lleras Pérez, Luisa Vetter Parodi aLimabInstituto Francés de Estudios AndinosbAcademia Colombiana de Historia a620 páginasbilustraciones, mapas, gráficos 0 aTravaux de l'Institut Francais d'Études Andines aIncluye referencias bibliográficas 7aMetalurgiaxHistoriazAmérica 7aArqueologíazAmérica 7aAntiguedadeszAmérica 7aMetalurgia precolombinazAmérica aLleras Perez, Robertoeeditor1 aVetter Parodi, Luisa Maríaeeditor